| 000 | 00496nam a22001817a 4500 | ||
|---|---|---|---|
| 005 | 20141210143333.0 | ||
| 008 | 141210b xxu||||| |||| 00| 0 eng d | ||
| 040 | _aLoreto College | ||
| 041 | _aEnglish | ||
| 082 |
_a396 _bYOU |
||
| 245 |
_aThe educated woman in Indian society today _cYWCA of India |
||
| 260 |
_aNew Delhi _bTata McGraw- Hill _c1971 |
||
| 300 |
_av, 287p. _b21cm. |
||
| 504 | _aIncludes bibliography and index. | ||
| 650 | _aWoman Education | ||
| 850 | _aLCLIB | ||
| 942 | _cBK | ||
| 999 |
_c39697 _d90176 |
||